000 00956nas a2200301 4500
001 BR2015000029
003 BR-BrBNA
005 20231205124853.0
007 ta
008 230509b bl.|||p| |||| 00| 00por d
040 _aBR-BrBNA
_bpor
_cBiblioteca Nacional de Agricultura
041 _a(Pt)
072 _aD50
100 1 _aAnjos, A.C. dos
100 1 _aClemente, S.C. de S.
100 1 _aFranco, R.M.
100 1 _aHaddad, J.P.
245 1 _aConsiderações para a implantação do sistema de inspeção de alimentos de origem animal, com base na análise de risco no Brasil
650 _aLEGISLAÇÃO
650 _aALIMENTO ANIMAL
650 _aINSPEÇÃO SANITÁRIA
650 _aANÁLISE DE RISCO
650 _aCONSUMIDOR
650 _aSAÚDE
773 0 _tHigiene Alimentar (Brazil)
_xISSN 0101-9171
_g(Sep-Oct 2013), v. 27(224-225) p. 190-197
_wBR2015000029
909 _a202311
_bLúcia
_c55
_dLúcia Elande
942 _2AGRIS
_n0
_cANA
999 _c241337
_d241337